Macrodynamique Fluctuations et Croissance

Saved in:
Bibliographic Details
Main Author: Henin, Pierre-Yves
Format: Book
Language:French
Published: Paris Économica 1981
Edition:2. éd.
Tags: Add Tag
No Tags, Be the first to tag this record!

MARC

LEADER 00000nam a2200000 4500
001 c021627
005 20221220102118.7
041 0 |a fre 
044 |a FR 
245 1 0 |a Macrodynamique  |b Fluctuations et Croissance  |c Pierre-Yves Henin 
250 |a 2. éd. 
264 1 |a Paris  |b Économica  |c 1981 
300 |a 512 s. 
100 1 |a Henin, Pierre-Yves